Advanced Drying Technologies

Furkejuvvon:
Bibliográfalaš dieđut
Váldodahkkit: Kudra, Tadeusz (Dahkki), Mujumdar, Arun S. (Dahkki)
Materiálatiipa: Girji
Giella:eaŋgalasgiella
Almmustuhtton: Boca Ratón CRC Press 2009
Preanttus:2a. ed
Fáttát:
Fáddágilkorat: Lasit fáddágilkoriid
Eai fáddágilkorat, Lasit vuosttaš fáddágilkora!

MARC

LEADER 00000nam a2200000 a 4500
001 UCH2785
003 CL-VaPUC
008 090624e20090000US |||||||||||||||||eng|d
020 |a 9781420073874 
082 0 4 |a 660.28426  |b KUD  |2 21 
100 |a Kudra, Tadeusz  |e author  |9 537837 
700 |a Mujumdar, Arun S.  |e author  |9 561311 
245 1 0 |a Advanced Drying Technologies 
250 |a 2a. ed 
300 |a 462 p 
942 |c BK 
945 |d 20090624 00:00:00  |a dcastane 
260 |a Boca Ratón  |b CRC Press  |c 2009 
650 0 |a Secado  |9 331351 
650 7 |a PROCESOS DE INGENIERIA QUIMICA  |2 CL-VaPUC  |9 338578 
650 7 |a EVAPORACION  |2 CL-VaPUC  |9 264095 
583 |a last modification  |c 20090624 00:00:00  |k Rodrigo Vera 
999 |c 334483  |d 334481 
952 |0 0  |1 0  |4 0  |6 660_284260000000000_KUD_2009  |7 0  |8 A  |9 423537  |a BIBALI  |b BIBALI  |c GEN  |d 2019-11-22  |i 4565509  |o 660.28426 KUD 2009  |p 4565509  |r 2025-01-20  |w 2019-11-22  |y BK  |k ALI